Nancy Drew Franchise (2007-Present) - Statistics

General Stats
  • This quiz has been taken 14 times
  • The average score is 23 of 163
Answer Stats
Type Year Name Info % Correct
Film 2007 Nancy Drew Warner Bros.
78%
TV Show 2019-Present Nancy Drew The CW
78%
Video Game 2008 The Hidden Staircase THQ
44%
Children's Book 2018 A Nancy Drew Christmas Carolyn Keene
22%
Cancelled Video Game N/A Captive Curse Her Interactive
22%
Children's Book 2009 Club Dread Carolyn Keene
22%
Children's Book 2010 Gold Medal Murder Carolyn Keene
22%
Video Game 2011 Nancy Drew: Alibi in Ashes Her Interactive
22%
Video Game 2016 Nancy Drew: Codes & Clues Her Interactive
22%
Video Game 2008 Nancy Drew Dossier: Lights, Camera, Curses Big Fish Games / Her Interactive
22%
Video Game 2009 Nancy Drew Dossier: Resorting to Danger Her Interactive
22%
Cancelled Video Game 2010 Nancy Drew Dossier: Ship of Shadows Her Interactive
22%
Video Game 2013 Nancy Drew: Ghost of Thornton Hall Her Interactive
22%
Video Game 2007 Nancy Drew: Legend of the Crystal Skull Her Interactive
22%
Video Game 2019 Nancy Drew: Midnight in Salem Her Interactive
22%
Video Game 2009 Nancy Drew: Ransom of the Seven Ships Her Interactive
22%
Video Game 2015 Nancy Drew: Sea of Darkness Her Interactive
22%
Video Game 2010 Nancy Drew: Secrets Can Kill Her Interactive
22%
Video Game 2010 Nancy Drew: Shadow at the Water's Edge Her Interactive
22%
Video Game 2011 Nancy Drew: The Captive Curse Her Interactive
22%
Video Game 2012 Nancy Drew: The Deadly Device Her Interactive
22%
Video Game 2008 Nancy Drew: The Haunting of Castle Malloy Her Interactive
22%
Video Game 2008 Nancy Drew: The Phantom of Venice Her Interactive
22%
Video Game 2014 Nancy Drew: The Shattered Medallion Her Interactive
22%
Video Game 2013 Nancy Drew: The Silent Spy Her Interactive
22%
Video Game 2007 Nancy Drew: The White Wolf of Icicle Creek Her Interactive / Sega
22%
Video Game 2012 Nancy Drew: Tomb of the Lost Queen Her Interactive
22%
Video Game 2010 Nancy Drew: Trail of the Twister Her Interactive
22%
Video Game 2009 Nancy Drew: Warnings at Waverly Academy Her Interactive
22%
Children's Book 2007 Terror on Tour Carolyn Keene
22%
Children's Book 2015 The Red Slippers Carolyn Keene
22%
Children's Book 2016 The Sign in the Smoke Carolyn Keene
22%
Children's Book 2014 A Musical Mess Carolyn Keene
11%
Children's Book 2009 April Fool's Day Carolyn Keene
11%
Children's Book 2015 A Script for Danger Carolyn Keene
11%
Children's Book 2015 A Star Witness Carolyn Keene
11%
Graphic Novel 2010 A Vampire's Kiss Stefan Petrucha
11%
Children's Book 2009 Babysitting Bandit Carolyn Keene
11%
Children's Book 2016 Big Top Flop Carolyn Keene
11%
Children's Book 2011 Bonfire Masquerade Carolyn Keene
11%
Children's Book 2018 Boo Crew Carolyn Keene
11%
Children's Book 2010 Buggy Breakout Carolyn Keene
11%
Children's Book 2014 Butterfly Blues Carolyn Keene
11%
Children's Book 2011 California Schemin' Carolyn Keene
11%
Children's Book 2010 Camp Creepy Carolyn Keene
11%
Children's Book 2017 Candy Kingdom Chaos Carolyn Keene
11%
Children's Book 2012 Cape Mermaid Mystery Carolyn Keene
11%
Children's Book 2010 Cat Burglar Caper Carolyn Keene
11%
Children's Book 2008 Chick-Napped! Carolyn Keene
11%
Graphic Novel 2009 City Under the Basement Stefan Petrucha
11%
Graphic Novel 2009 Cliffhanger Stefan Petrucha
11%
Resource Book 2007 Clues to Real Life: The Wit and Wisdom of Nancy Drew (Various)
11%
Children's Book 2013 Cooking Camp Disaster Carolyn Keene
11%
Children's Book 2013 Cupcake Chaos Carolyn Keene
11%
Children's Book 2013 Curse of the Arctic Star Carolyn Keene
11%
Children's Book 2011 Dance Off Carolyn Keene
11%
Children's Book 2008 Danger Overseas Carolyn Keene
11%
Children's Book 2011 Designed for Disaster Carolyn Keene
11%
Graphic Novel 2008 Doggone Town Stefan Petrucha
11%
Children's Book 2009 Double Take Carolyn Keene
11%
Children's Book 2007 Dressed to Steal Carolyn Keene
11%
Graphic Novel 2008 Dress Reversal Stefan Petrucha
11%
Children's Book 2009 Earth Day Escapade Carolyn Keene
11%
Graphic Novel 2013 Enter the Dragon Mystery Sarah Kinney
11%
Children's Book 2019 Famous Mistakes Carolyn Keene
11%
Children's Book 2007 Fishing for Clues Carolyn Keene
11%
Graphic Novel 2007 Ghost in the Machinery Stefan Petrucha
11%
Children's Book 2008 Ghost Stories Carolyn Keene
11%
Graphic Novel 2007 Global Warning Stefan Petrucha
11%
Children's Book 2009 Green-Eyed Monster Carolyn Keene
11%
Children's Book 2010 Green with Envy Carolyn Keene
11%
Children's Book 2020 Hidden Pictures Carolyn Keene
11%
Graphic Novel 2010 High School Musical Mystery Stefan Petrucha
11%
Graphic Novel 2010 High School Musical Mystery Part 2: The Lost Verse Stefan Petrucha
11%
Children's Book 2009 Identity Revealed Carolyn Keene
11%
Children's Book 2009 Identity Theft Carolyn Keene
11%
Children's Book 2007 Intruder Carolyn Keene
11%
Children's Book 2015 Last Lemonade Standing Carolyn Keene
11%
Children's Book 2007 Lights, Camera...Cats! Carolyn Keene
11%
Children's Book 2008 Mall Madness Carolyn Keene
11%
Children's Book 2008 Mardi Gras Masquerade Carolyn Keene
11%
Children's Book 2009 Model Crime Carolyn Keene
11%
Children's Book 2009 Model Menace Carolyn Keene
11%
Children's Book 2009 Model Suspect Carolyn Keene
11%
Graphic Novel 2007 Monkey-Wrench Blues Stefan Petrucha
11%
Children's Book 2016 Movie Madness Carolyn Keene
11%
Children's Book 2007 Murder on the Set Carolyn Keene
11%
Children's Book 2014 Museum Mayhem Carolyn Keene
11%
Children's Book 2011 Mystery at Malachite Mansion Carolyn Keene
11%
Children's Book 2013 Mystery of the Midnight Rider Carolyn Keene
11%
Film 2019 Nancy Drew and the Hidden Staircase Warner Bros.
11%
Resource Book 2011 Nancy Drew Classic Paper Dolls Darlene Jones
11%
Resource Book 2012 Nancy Drew & Her Friends Paper Dolls Darlene Jones / Jennifer Fisher
11%
Video Game 2014 Nancy Drew: Labyrinth of Lies Her Interactive
11%
Graphic Novel 2010 Nancy Drew: Vampire Slayer Stefan Petrucha
11%
Graphic Novel 2009 Night of the Living Chatchke Stefan Petrucha
11%
Children's Book 2008 Pageant Perfect Crime Carolyn Keene
11%
Children's Book 2008 Perfect Cover Carolyn Keene
11%
Children's Book 2016 Pets on Parade Carolyn Keene
11%
Children's Book 2015 Pool Party Puzzler Carolyn Keene
11%
Children's Book 2009 Princess Mix-Up Mystery Carolyn Keene
11%
Children's Book 2020 Puppy Love Prank Carolyn Keene
11%
Children's Book 2007 Real Fake Carolyn Keene
11%
Children's Book 2017 Riverboat Roulette Carolyn Keene
11%
Children's Book 2014 Sabotage at Willow Woods Carolyn Keene
11%
Children's Book 2011 Sabotage Surrender Carolyn Keene
11%
Children's Book 2014 Secret at Mystic Lake Carolyn Keene
11%
Children's Book 2008 Secret Identity Carolyn Keene
11%
Children's Book 2013 Secret of the Scarecrow Carolyn Keene
11%
Children's Book 2010 Secret Sabotage Carolyn Keene
11%
Graphic Novel 2013 Secret Sand Sleuths Sarah Kinney
11%
Children's Book 2010 Seeing Green Carolyn Keene
11%
Children's Book 2010 Serial Sabotage Carolyn Keene
11%
Video Game 2011 Shadow Ranch Her Interactive
11%
Children's Book 2007 Ski School Sneak Carolyn Keene
11%
Graphic Novel 2008 Sleight of Dan Stefan Petrucha
11%
Graphic Novel 2012 Small Volcanoes Sarah Kinney
11%
Children's Book 2018 Springtime Crime Carolyn Keene
11%
Children's Book 2012 Stage Fright Carolyn Keene
11%
Children's Book 2012 Stalk, Don't Run Carolyn Keene
11%
Children's Book 2013 Strangers on a Train Carolyn Keene
11%
Children's Book 2008 Thanksgiving Thief Carolyn Keene
11%
Children's Book 2020 The Big Island Burglary Carolyn Keene
11%
Children's Book 2007 The Circus Scare Carolyn Keene
11%
Children's Book 2015 The Clue at Black Creek Farm Carolyn Keene
11%
Video Game 2007 The Deadly Secret of Olde Worlde Park Majesco
11%
Graphic Novel 2007 The Disoriented Express Stefan Petrucha
11%
Children's Book 2007 The Fashion Disaster Carolyn Keene
11%
Children's Book 2016 The Ghost of Grey Fox Inn Carolyn Keene
11%
Children's Book 2021 The Great Goat Gaffe Carolyn Keene
11%
Children's Book 2007 The Halloween Hoax Carolyn Keene
11%
Children's Book 2018 The Haunting on Heliotrope Lane Carolyn Keene
11%
Resource Book 2007 The Lost Files of Nancy Drew Carolyn Keene
11%
Children's Book 2015 The Magician's Secret Carolyn Keene
11%
Children's Book 2012 The Make-a-Pet Mystery Carolyn Keene
11%
Video Game 2010 The Model Mysteries THQ
11%
Cancelled Video Game N/A The Mysterious Letter THQ
11%
Video Game 2008 The Mystery of the Clue Bender Society Majesco
11%
Resource Book 2007 The Official Nancy Drew Handbook Penny Warner
11%
Children's Book 2008 The Perfect Escape Carolyn Keene
11%
Children's Book 2014 The Phantom of Nantucket Carolyn Keene
11%
Children's Book 2017 The Professor and the Puzzle Carolyn Keene
11%
Children's Book 2012 The Pumpkin Patch Puzzle Carolyn Keene
11%
Cancelled Video Game N/A The Search for the Eccentric Millionaire Majesco
11%
Children's Book 2008 The Stolen Bones Carolyn Keene
11%
Children's Book 2019 The Stolen Show Carolyn Keene
11%
Children's Book 2019 The Tortoise and the Scare Carolyn Keene
11%
Children's Book 2020 The Vanishing Statue Carolyn Keene
11%
Children's Book 2008 The Zoo Crew Carolyn Keene
11%
Children's Book 2007 Ticket Trouble Carolyn Keene
11%
Graphic Novel 2008 Tiger Counter Stefan Petrucha
11%
Children's Book 2011 Time Thief Carolyn Keene
11%
Graphic Novel 2011 Together with the Hardy Boys Stefan Petrucha
11%
Children's Book 2007 Trails of Treachery Carolyn Keene
11%
Children's Book 2009 Treasure Trouble Carolyn Keene
11%
Children's Book 2007 Troubled Waters Carolyn Keene
11%
Children's Book 2019 Turkey Trot Plot Carolyn Keene
11%
Children's Book 2009 Unicorn Uproar Carolyn Keene
11%
Children's Book 2007 Valentine's Day Secret Carolyn Keene
11%
Graphic Novel 2009 What Goes Up Stefan Petrucha
11%
Children's Book 2017 World Record Mystery Carolyn Keene
11%
Children's Book 2014 The Flower Sun Fiasco Carolyn Keene
0%
Children's Book 2008 Wedding Day Disaster Carolyn Keene
0%
No matching quizzes found
Score Distribution
Percent of People with Each Score
Percentile by Number Answered
Your Score History
You have not taken this quiz